Expert advisor: Harvard graphics (Record no. 42921)

MARC details
000 -LEADER
fixed length control field 00552nam a2200157 a 4500
008 - FIXED-LENGTH DATA ELEMENTS--GENERAL INFORMATION
fixed length control field 120416s1990 ||||||||||||||||| || u
020 ## - INTERNATIONAL STANDARD BOOK NUMBER
International Standard Book Number 0201523698
050 ## - LIBRARY OF CONGRESS CALL NUMBER
Classification number T 385 Dan
100 ## - MAIN ENTRY--PERSONAL NAME
Personal name Danuloff, Craig
245 10 - TITLE STATEMENT
Title Expert advisor: Harvard graphics
260 ## - PUBLICATION, DISTRIBUTION, ETC.
Place of publication, distribution, etc. Reading:
Name of publisher, distributor, etc. Addison-Wesley
Date of publication, distribution, etc. 1990
300 ## - PHYSICAL DESCRIPTION
Extent x, 441p. : ill.
350 ## - PRICE (NR) (BK AM CF MU VM SE) [OBSOLETE]
Price 0.00
650 ## - SUBJECT ADDED ENTRY--TOPICAL TERM
Topical term or geographic name entry element HARVARD GRAPHICS (COMPUTER FILE)
995 ## - RECOMMENDATION 995 [LOCAL, UNIMARC FRANCE]
-- 0.00
-- CBU-MAIN LIBRARY (Kitwe)
-- 1
-- 20.95
-- 1
-- AVAILABLE
-- Main Library Open Access Collection
Holdings
Withdrawn status Lost status Source of classification or shelving scheme Damaged status Not for loan Home library Current library Shelving location Date acquired Total Checkouts Full call number Barcode Date last seen Price effective from Koha item type
          CBU-MAIN LIBRARY, KITWE. CBU-MAIN LIBRARY, KITWE.   11/30/2022   T 385 Dan 013744 11/30/2022 11/30/2022 MONOGRAPH